000 00454nmm a2200157Ia 4500
008 251105s9999||||xx |||||||||||||||||und||
020 _a9781558858114
041 _aeng
100 _aEspina, Eduardo
245 4 _aThe Milli Vanilli Condition
264 _a[Washington, Estados Unidos] :
_bArte Público Press,
_c2015
300 _a264 páginas
650 _aCultural Studies
856 _uhttps://public.digitaliapublishing.com/a/40210
942 _cCF
999 _c74913
_d74913